Použitie likvidačnej metódy pri konkurznom konaní a v likvidácii
Priebeh konkurzu podľa zákona č. 7/2005 Z.z. Fázy konkurzu pod dohľadom súdu. Prihlásenie pohľadávky a realizácia konkurznej podstaty. Likvidácia podniku.
Salvato in:
| Autore principale: | |
|---|---|
| Natura: | Capitolo di libro |
| Lingua: | slovacco |
| Soggetti: | |
| Tags: |
Nessun Tag, puoi essere il primo ad aggiungerne!!
|
MARC
| LEADER | 00000naa$a2200000$$$4500 | ||
|---|---|---|---|
| 001 | 0054737 | ||
| 005 | 20240502071629.0 | ||
| 041 | 0 | |a slo | |
| 044 | |a SK | ||
| 245 | 1 | 0 | |a Použitie likvidačnej metódy pri konkurznom konaní a v likvidácii |c Veronika Jánošová |
| 520 | |a Priebeh konkurzu podľa zákona č. 7/2005 Z.z. Fázy konkurzu pod dohľadom súdu. Prihlásenie pohľadávky a realizácia konkurznej podstaty. Likvidácia podniku. | ||
| 610 | 2 | 0 | |a insolventnosť |
| 610 | 2 | 0 | |a konkurzy |
| 610 | 2 | 0 | |a vyrovnanie |
| 610 | 2 | 0 | |a likvidácia podniku |
| 610 | 2 | 0 | |a úpadok podniku |
| 610 | 2 | 0 | |a pohľadávky |
| 610 | 2 | 0 | |a oceňovanie |
| 610 | 2 | 0 | |a veritelia |
| 100 | 1 | |a Jánošová, Veronika, 1953- | |